The Codrus Painter : (Record no. 27745)

000 -LEADER
fixed length control field 01165cam a2200313 a 4500
001 - CONTROL NUMBER
control field 16148818
003 - CONTROL NUMBER IDENTIFIER
control field OSt
005 - DATE AND TIME OF LATEST TRANSACTION
control field 20170210111729.0
008 - FIXED-LENGTH DATA ELEMENTS--GENERAL INFORMATION
fixed length control field 100322s2011 wiua s000 0 eng c
010 ## - LIBRARY OF CONGRESS CONTROL NUMBER
LC control number 2010011570
020 ## - INTERNATIONAL STANDARD BOOK NUMBER
International Standard Book Number 9780299247805 (cloth : alk. paper)
020 ## - INTERNATIONAL STANDARD BOOK NUMBER
International Standard Book Number 9780299247836 (ebook)
040 ## - CATALOGING SOURCE
Original cataloging agency WU/DLC
Transcribing agency DLC
Modifying agency DLC
042 ## - AUTHENTICATION CODE
Authentication code pcc
043 ## - GEOGRAPHIC AREA CODE
Geographic area code e-gr---
050 00 - LIBRARY OF CONGRESS CALL NUMBER
Classification number ND115.C63
Item number A97 2011
082 00 - DEWEY DECIMAL CLASSIFICATION NUMBER
Classification number 738.3/8209385
Edition number 22
100 1# - MAIN ENTRY--PERSONAL NAME
Personal name Avramidou, Amalia.
245 14 - TITLE STATEMENT
Title The Codrus Painter :
Remainder of title iconography and reception of Athenian vases in the age of Pericles /
Statement of responsibility, etc. Amalia Avramidou.
260 ## - PUBLICATION, DISTRIBUTION, ETC. (IMPRINT)
Place of publication, distribution, etc. Madison, Wis :
Name of publisher, distributor, etc. The University of Wisconsin Press,
Date of publication, distribution, etc. c2011.
300 ## - PHYSICAL DESCRIPTION
Extent 236 p. :
Other physical details ill. ;
Dimensions 29 cm.
490 1# - SERIES STATEMENT
Series statement Wisconsin studies in classics
600 00 - SUBJECT ADDED ENTRY--PERSONAL NAME
Personal name Codrus Painter.
650 #0 - SUBJECT ADDED ENTRY--TOPICAL TERM
Topical term or geographic name as entry element Vase-painting, Greek
Geographic subdivision Greece
-- Athens.
830 #0 - SERIES ADDED ENTRY--UNIFORM TITLE
Uniform title Wisconsin studies in classics.
906 ## - LOCAL DATA ELEMENT F, LDF (RLIN)
a 7
b cbc
c orignew
d 1
e ecip
f 20
g y-gencatlg
942 ## - ADDED ENTRY ELEMENTS (KOHA)
Source of classification or shelving scheme
Koha item type Hard Covered Materials
Classification part ND 115 .C63A97 2011
Holdings
Withdrawn status Lost status Source of classification or shelving scheme Damaged status Not for loan Home library Current library Shelving location Date acquired Source of acquisition Total Checkouts Full call number Barcode Date last seen Price effective from Koha item type
          MACHAKOS UNIVERSITY LIBRARY MACHAKOS UNIVERSITY LIBRARY Technical section 10/02/2017 Donation(B.F.A)   ND 115 .C63A97 2011 34607 07/06/2018 10/02/2017 Hard Covered Materials
© Machakos University Library, Along The Highway, Machakos Wote Rd, Machakos, Kenya P.O. Box 136 - 90100 Machakos - Kenya

Tel: ( +254 ) 723 805829 OR Fax : 044-20353 OR Email: library@mksu.ac.ke